"Hello" in different languages - Statistics

General Stats
  • This quiz has been taken 73 times
  • The average score is 8 of 12
Answer Stats
Hello Language % Correct
Hola Spanish
98%
Bonjour French
96%
Konnichiwa Japanese
96%
Ni Hao Chinese
95%
Guten Tag German
95%
Anyoung Haseyo Korean
63%
Zdravstvuyte Russian
61%
Salve Italian
51%
Salam Persian
39%
Hujambo Swahili
33%
Ola Portugese
32%
Shwmae Welsh
12%
No matching quizzes found
Score Distribution
Percent of People with Each Score
Percentile by Number Answered
Your Score History
You have not taken this quiz